Statystyki dla JAKI SPRZĘT SPORTOWY ZAKŁADAMY NA NOGI?

Kliknij tutaj aby rozwiązać quiz!

Ogólne statystyki

  • Ten quiz został rozwiązany 35 razy
  • Średni wynik to 3 z 5

Statystyki odpowiedzi

Odpowiedź% Poprawnych
ŁYŻWY
97%
NARTY
93%
ROLKI
79%
SNOWBOARD
48%
PŁETWY
21%

Rozkład punktacji

Percentyl według liczby udzielonych odpowiedzi

Procent ludzi z każdym wynikiem

Twoja historia wyników

Nie rozwiązałeś tego quizu